| 000 | 01555cam a2200409 i 4500 | ||
|---|---|---|---|
| 999 |
_c2314 _d2314 |
||
| 001 | 18521259 | ||
| 003 | GZU | ||
| 005 | 20201028133306.0 | ||
| 008 | 150310s2015 enka f b 001 0 eng d | ||
| 010 | _a 2015935668 | ||
| 020 |
_a9781446267769 _qhbk. |
||
| 035 | _a(OCoLC)ocn918993384 | ||
| 040 |
_aYDXCP _beng _cYDXCP _erda _dOCLCO _dCHVBK _dOCLCF _dMUU _dCDX _dDLC |
||
| 042 | _alccopycat | ||
| 050 | 0 | 0 |
_aHM741 _bCRO 2015 |
| 082 | 0 | 4 |
_a300.72 _223 |
| 100 | 1 |
_aCrossley, Nick, _d1968- _eauthor. |
|
| 245 | 1 | 0 |
_aSocial network analysis for ego-nets / _cNick Crossley, Elisa Bellotti, Gemma Edwards, Martin G. Everett, Johan Koskinen, Mark Tranmer. |
| 264 | 1 |
_aLondon : _bSAGE Publications Ltd, _c2015. |
|
| 300 |
_ax, 194 pages : _billustrations ; _c24 cm |
||
| 336 |
_atext _btxt _2rdacontent |
||
| 337 |
_aunmediated _bn _2rdamedia |
||
| 338 |
_avolume _bnc _2rdacarrier |
||
| 504 | _aIncludes bibliographical references (pages 178-191) and index. | ||
| 650 | 0 |
_aSocial networks _xResearch. |
|
| 650 | 7 |
_aSocial networks _xResearch. _2fast _0(OCoLC)fst01122688 |
|
| 650 | 7 |
_aNetzwerkanalyse. _2gnd _0(DE-588)4075298-7 |
|
| 700 | 1 |
_aBellotti, Elisa, _eauthor. |
|
| 700 | 1 |
_aEdwards, Gemma, _eauthor. |
|
| 700 | 1 |
_aEverett, Martin G., _eauthor. |
|
| 700 | 1 |
_aKoskinen, Johan, _eauthor. |
|
| 700 | 1 |
_aTranmer, Mark, _eauthor. |
|
| 906 |
_a7 _bcbc _ccopycat _d2 _encip _f20 _gy-gencatlg |
||
| 942 |
_2lcc _cBK _h741 _iCRO _kHM |
||